| 000 | 00621cam a22002053a 4500 | ||
|---|---|---|---|
| 001 | 44669 | ||
| 003 | PGUSA | ||
| 005 | 20140828084023.0 | ||
| 008 | 140114s2014||||xxu|||||s|||||000 | eng d | ||
| 040 |
_aPGUSA _beng |
||
| 042 | _adc | ||
| 245 | 1 | 4 |
_aThe Jesuit Relations and Allied Documents, Vol. I : _bAcadia, 1610-1613 _h[electronic resource] / _cVarious |
| 260 |
_bProject Gutenberg, _c2014 |
||
| 506 | _aPublic domain in the USA. | ||
| 516 | _aElectronic text | ||
| 700 | 1 |
_aThwaites, Reuben Gold, _d1853-1913 |
|
| 830 | 0 |
_aProject Gutenberg _v44669 |
|
| 856 | 4 | 0 | _uhttp://www.gutenberg.org/ebooks/44669 |
| 942 | _cEB | ||
| 999 |
_c273920 _d273920 |
||